00390nam a22001217a 4500020001600000082001000016100001900026245009400045260003700139300003200176650003800208700002200246 qHard Cover. a621.3 aShariq, Jamil  aALGAN / GAN HEMT BASED HIGH POWER AMPLIFIER (HPA) FOR C-BAND APPLICATION /cJamil Shariq. aIslamabad :bPNCE - NUST,c2016. axiv, 167 p. : ill. ;c30cm. aElectrical Engineering MS-Thesis. aDr. Faisal Anwar.